000
00249nam a2200109Ia 4500
008
200302s9999 xx 000 0 und d
100
_a
Lionel Casson
245
_a
Ancient Egypt
260
_b
Time-Life Books Inc.
260
_c
1965
300
_a
192 P.,
999
_c
2244
_d
2244